Score 0/16 Timer 03:00
0 Plays Today
Movie Title Missing Word % Correct
Freaky _______Friday
97.6%
Beverly _____ ChihuahuaHills
96.4%
A Fish Called ______Wanda
89.9%
Trading _______Places
86.7%
_________ with the KranksChristmas
78.7%
True _____Lies
73%
^The Little _______ That CouldEngine
72.2%
Prom ______Night
65.3%
Movie Title Missing Word % Correct
__________ H20: 20 Years LaterHalloween
51.7%
__ Girl 2My
48.1%
_______ YoungForever
45.2%
____ LettersLove
33.4%
____ SteelBlue
27.6%
___ AgainYou
24.2%
The _______ of PanamaTailor
18.3%
_______ CreaturesFierce
13.1%

Today's Daily Dose

Missing Word
I Hardly Know Her!

Word Ladder
Sentence Ending

Quick Pick
Female Firsts

Get the Picture
Triathlon Sports

Remove Ads.
Support Sporcle.
Get the best of Sporcle when you Go Orange. This ad-free experience offers more features, more stats, and more fun while also helping to support Sporcle. Thank you for becoming a member.

You're not logged in!

Compare scores with friends on all Sporcle quizzes.
OR
Log In

Show Comments

Extras

Top Quizzes Today


Score Distribution

Your Account Isn't Verified!

In order to create a playlist on Sporcle, you need to verify the email address you used during registration. Go to your Sporcle Settings to finish the process.

Report this User

Report this user for behavior that violates our Community Guidelines.

Details: